| 000 | 00780nam a2200181Ia 4500 | ||
|---|---|---|---|
| 008 | 100920s9999 xx 000 0 und d | ||
| 082 |
_b43160 _a24 थ 81 |
||
| 100 | _aअँडरसन केनेथ / अनु. आपटे वा. शि. | ||
| 245 | _aशिवानीपल्लीचा काळा चित्ता. | ||
| 260 |
_bब्लॅकी ऍंड सन पब्लिशर्स प्रायव्हेट लि., मुंबई. _c1981 |
||
| 300 |
_a155 _bसाधी |
||
| 365 | _b20 | ||
| 520 | _aसायो. | ||
| 630 | _aशिवानीपल्लीचा काळा चित्ता. | ||
| 650 | _aसायो. | ||
| 730 | _aशिवानीपल्लीचा काळा चित्ता. | ||
| 942 | _cBOOK | ||
| 999 |
_c692890 _d692887 |
||